000
00276nam a22001217a 4500
008
170713b xxu||||| |||| 00| 0 eng d
041
_a
eng
080
_a
101
100
_a
24
101
_a
FIL
245
_a
PHILOSOPHY AND ORDINARY LANGUAGE
_c
CASTON.CH.E
942
_2
udc
_c
BK
999
_c
20602
_d
20602